The Middle East In Prophecy / (Record no. 6143)

MARC details
000 -LEADER
fixed length control field 00523nam a22001937a 4500
003 - CONTROL NUMBER IDENTIFIER
control field GBCCL
005 - DATE AND TIME OF LATEST TRANSACTION
control field 20241126110557.0
008 - FIXED-LENGTH DATA ELEMENTS--GENERAL INFORMATION
fixed length control field 180502b ||||| |||| 00| 0 eng d
020 ## - INTERNATIONAL STANDARD BOOK NUMBER
International Standard Book Number 0882074342
040 ## - CATALOGING SOURCE
Transcribing agency gbc
082 ## - DEWEY DECIMAL CLASSIFICATION NUMBER
Classification number 236
Item number DEH
100 ## - MAIN ENTRY--PERSONAL NAME
Personal name De Haan, Richard W.
9 (RLIN) 11050
245 #4 - TITLE STATEMENT
Title The Middle East In Prophecy /
Statement of responsibility, etc. Richard W. De Haan
250 ## - EDITION STATEMENT
Edition statement 2nd printing
260 ## - PUBLICATION, DISTRIBUTION, ETC.
Name of publisher, distributor, etc. Radio Bible Class,
Place of publication, distribution, etc. Michigan:
Date of publication, distribution, etc. 1975
300 ## - PHYSICAL DESCRIPTION
Extent 32 p.;
Dimensions 19 cm.
650 ## - SUBJECT ADDED ENTRY--TOPICAL TERM
Topical term or geographic name entry element Eschatology
General subdivision Biblical teaching
9 (RLIN) 2327
942 ## - ADDED ENTRY ELEMENTS (KOHA)
Source of classification or shelving scheme Dewey Decimal Classification
Koha item type Books
Holdings
Withdrawn status Lost status Source of classification or shelving scheme Damaged status Not for loan Home library Current Library Shelving location Date acquired Total checkouts Full call number Barcode Date last seen Copy number Price effective from Koha item type
    Dewey Decimal Classification     GRACE BIBLE COLLEGE GRACE BIBLE COLLEGE Theology 2018-05-02   236 DEH 003025 2025-05-01 c.1 2018-05-02 Books
    Dewey Decimal Classification     GRACE BIBLE COLLEGE GRACE BIBLE COLLEGE Theology 2019-06-28   236 DEH 004265 2025-05-01 c.2 2019-06-28 Books
© Grace Bible College Library 2025